[Event "11th Lichtenberger Sommer 2012"]
[Site "Berlin GER"]
[Date "2012.08.21"]
[Round "4.14"]
[White "Kurz,C"]
[Black "Jeremic,D"]
[Result "1/2-1/2"]
[WhiteElo "2200"]
[BlackElo "2203"]

1.e4 c5 2.Nf3 d6 3.Bb5+ Bd7 4.Bxd7+ Qxd7 5.O-O Nc6 6.c3 e6 7.d4 d5 8.e5 Nge7
9.a3 Ng6 10.b4 cxd4 11.cxd4 Be7 12.Nbd2 O-O 13.Nb3 b6 14.Re1 Nh4 15.Nxh4 Bxh4
16.Re3 Bg5 17.Rh3 Bxc1 18.Rxc1 Ne7 19.Qc2 Ng6 20.Qc6 Qe7 21.Qc7 Qg5 22.Rg3 Qf5
23.Qc2 Qf4 24.Rf3 Qg5 25.Qd2 Qe7 26.Rfc3 Qe8 27.Qg5 h6 28.Qg4 Ne7 29.Nd2 Nf5
30.Nf1 g6 31.Ng3 Nxg3 32.Rxg3 Rc8 33.Qf4 Rxc1+ 34.Qxc1 Kg7 35.Rh3 Rh8 36.Rc3 Qb5
37.Qf4 Rf8 38.h4 Qe2 39.Rc7 a5 40.bxa5 bxa5 41.Kh2 Qd3 42.h5 Qf5 43.Qxf5 gxf5
44.Rc5 a4 45.Ra5 Rc8 46.Rxa4 Rc4 47.Rb4 Rc3 48.Ra4 Rc4 49.Ra8 Rxd4 50.a4 Re4
51.a5 Rxe5 52.a6 Re2 53.a7 Ra2 54.f4 Ra3 55.Kg1 Ra2 56.Kf1 Ra1+ 57.Ke2 Ra3
58.Kd2 Kf6 59.Kc2 Ra6 60.Kb3 Ra1 61.Kb4 Rb1+ 62.Kc3 Ra1 63.Kd4 Ra5 64.Kc3  1/2-1/2

[Event "ZMDI Open A 2012"]
[Site "Dresden GER"]
[Date "2012.08.21"]
[Round "4"]
[White "Meissner,F"]
[Black "Leniart,A"]
[Result "0-1"]
[WhiteElo "2242"]
[BlackElo "2475"]

1.e4 c5 2.Nf3 d6 3.Bb5+ Nd7 4.d4 cxd4 5.Qxd4 a6 6.Bxd7+ Bxd7 7.Bg5 h6 8.Bh4 Nf6
9.Nc3 g5 10.Bg3 Bg7 11.Qd3 Nh5 12.Nd4 Rg8 13.O-O-O Rc8 14.Kb1 a5 15.Nd5 e6
16.Nc3 Nxg3 17.hxg3 Qf6 18.f4 gxf4 19.gxf4 b5 20.e5 Qxf4 21.Rhf1 Qxe5 22.Nf3 Qf6
23.Nh2  0-1

[Event "21st Feffernitz Open"]
[Site "Feffernitz AUT"]
[Date "2012.08.21"]
[Round "4.9"]
[White "Praznik,A"]
[Black "Ravnik,F"]
[Result "1-0"]
[WhiteElo "2138"]
[BlackElo "1900"]

1.e4 c5 2.Nf3 d6 3.Bb5+ Nc6 4.O-O a6 5.Bxc6+ bxc6 6.c3 e6 7.Qe2 a5 8.Rd1 Ne7
9.d4 cxd4 10.cxd4 d5 11.Nc3 Ng6 12.Bg5 Be7 13.Bxe7 Qxe7 14.g3 O-O 15.h4 Re8
16.h5 Nf8 17.Na4 Nd7 18.Rac1 Bb7 19.e5 h6 20.Nc5 Nxc5 21.Rxc5 a4 22.Rdc1 Ba6
23.Qe3 Bb5 24.R1c3 Rec8 25.Ra3 Qd8 26.Rc2 Qe7 27.g4 Ra7 28.Kg2 Rac7 29.Rc5 Ra8
30.Kg3 Rca7 31.Nd2 Rf8 32.Nf3 Re8 33.Nh4 Rf8 34.f4 Re8 35.g5 Kh8 36.Rc2 Rg8
37.Kh2 Rc7 38.Rc5 Kh7 39.Rac3 g6 40.hxg6+ fxg6 41.Qc1 h5 42.Rxb5  1-0

[Event "21st Feffernitz Open"]
[Site "Feffernitz AUT"]
[Date "2012.08.21"]
[Round "4.3"]
[White "Okhotnik,V"]
[Black "Kavcic,Z"]
[Result "1/2-1/2"]
[WhiteElo "2423"]
[BlackElo "2273"]

1.e4 c5 2.Nf3 d6 3.Bb5+ Nd7 4.O-O a6 5.Bd3 Ngf6 6.c3 g6 7.Bc2 Bg7 8.d4 cxd4
9.cxd4 O-O 10.Nc3 e5 11.dxe5 dxe5 12.a4 Qc7 13.Bg5 h6 14.Bh4 b6 15.Nd2 Bb7
16.Bb3 g5 17.Bg3 Nc5 18.Qe2 Rfd8 19.Bc4 Rac8 20.Rac1 Qd6 21.Rfd1 Nd3 22.Bxd3 Qxd3
23.Qxd3 Rxd3 24.Bxe5 Rcd8 25.Nc4 Nxe4 26.Rxd3 Rxd3 27.Bxg7 Kxg7 28.Nxb6 Nc5
29.Rd1 Kf6 30.Rxd3 Nxd3 31.Nc4 Ke6 32.Kf1 Bd5 33.b3 Nc5 34.Nxd5 Kxd5 35.Na5 Kd4
36.Nc6+ Kd5 37.Na5 Kd4 38.Nc6+ Kd5 39.Nb4+ Kd6 40.a5 Nxb3 41.Nxa6 Nxa5 42.Nb4 Ke5
43.Ke2 Nc4 44.Nc6+ Ke4 45.f3+ Kf5 46.g4+ Kf6 47.Nd4 Ke5 48.Nf5 h5 49.Nh6 hxg4
50.Nxf7+ Kf4  1/2-1/2

[Event "12th World Uni Women"]
[Site "Guimaraes POR"]
[Date "2012.08.22"]
[Round "5.10"]
[White "Ferreira,Su"]
[Black "Martins,Mar"]
[Result "1/2-1/2"]
[WhiteElo "1698"]
[BlackElo "1621"]

1.e4 c5 2.Nf3 d6 3.Bb5+ Nd7 4.O-O a6 5.Bxd7+ Bxd7 6.d4 cxd4 7.Nxd4 Nf6 8.Re1 g6
9.c4 Rc8 10.b3 Bg7 11.Bb2 O-O 12.Nc3 Re8 13.h3 Qa5 14.Qd3 Qg5 15.Bc1 Qe5
16.Be3 Qa5 17.Rac1 Rc7 18.Rc2 Rec8 19.Rec1 b5 20.cxb5 axb5 21.Nce2 Rxc2 22.Rxc2 Rxc2
23.Qxc2 Qa8 24.Ng3 h5 25.f3 Qa5 26.Kf2 Kh7 27.Nde2 Bh6 28.Bxh6 Kxh6 29.Qc1+ Kh7
30.a3 Qb6+ 31.Kf1 Be6 32.Qc2 Qc5 33.Qxc5 dxc5 34.Nc1 Kg8 35.Ke1 Kf8 36.Nge2 Ke8
37.Kd2 Kd8 38.Nf4 Bc8 39.Kc3 Ba6 40.b4 cxb4+ 41.axb4 Kc7 42.Ncd3 Nd7 43.Kd4 Kc6
44.Ne5+ Nxe5 45.Kxe5 Bb7 46.Nd3 Bc8 47.h4 Be6 48.g3 Bc4 49.Ne1 f6+ 50.Kd4 Kd6
51.Ke3 e5 52.f4 Ke6 53.fxe5 fxe5 54.Nf3 Bf1 55.Kf2 Bd3 56.Ng5+ Kf6 57.Kf3 Bc4
58.g4 hxg4+ 59.Kxg4 Be2+ 60.Kg3 Bd3  1/2-1/2

[Event "EY Boys U14 2012"]
[Site "Prague CZE"]
[Date "2012.08.22"]
[Round "6.45"]
[White "Santos Ruiz,Miguel"]
[Black "Chistiakov,Mihail"]
[Result "1-0"]
[WhiteElo "2069"]
[BlackElo "1879"]

1.e4 c5 2.Nf3 d6 3.Bb5+ Nc6 4.Bxc6+ bxc6 5.O-O e5 6.c3 f5 7.exf5 Bxf5 8.d4 e4
9.dxc5 exf3 10.Qxf3 Ne7 11.Re1 g6 12.Bg5 Qd7 13.cxd6 Qxd6 14.Na3 O-O-O 15.Qe3 Rd7
16.Bf4 Qd5 17.c4 Qa5 18.b4 Qxb4 19.Qe5 Rg8 20.Nb5 Rb7 21.Nd6+ Kd7 22.Rad1 Nd5
23.Nxb7 Bg7 24.Qc7+  1-0

[Event "EY Girls U18 2012"]
[Site "Prague CZE"]
[Date "2012.08.23"]
[Round "7.24"]
[White "Sanal,S"]
[Black "Malikova,Ulviyya"]
[Result "1/2-1/2"]
[WhiteElo "1744"]
[BlackElo "1810"]

1.e4 c5 2.Nf3 d6 3.Bb5+ Bd7 4.Bxd7+ Qxd7 5.O-O Nc6 6.c3 Nf6 7.Re1 e6 8.d4 cxd4
9.cxd4 d5 10.e5 Ne4 11.Nbd2 Nxd2 12.Bxd2 Rc8 13.a3 Be7 14.Rc1 O-O 15.Rc3 f5
16.Bf4 h6 17.h4 Na5 18.Rd3 Nc4 19.Qe2 a5 20.h5 Kf7 21.Nh2 Ke8 22.Bc1 b5 23.Rg3 Rf7
24.Nf1 Bf8 25.Nd2 a4 26.Nf3 Na5 27.Nd2 Nc4 28.Nf3 Na5 29.Nd2 Nc4 30.Nf3 Na5  1/2-1/2

[Event "14th Sants Open A"]
[Site "Barcelona ESP"]
[Date "2012.08.24"]
[Round "8.18"]
[White "Stromboli,C"]
[Black "Debray,C"]
[Result "1/2-1/2"]
[WhiteElo "2328"]
[BlackElo "2383"]

1.e4 c5 2.Nf3 d6 3.Bb5+ Nd7 4.c3 Nf6 5.Bd3 e5 6.O-O Be7 7.Re1 Nf8 8.Bb5+ Bd7
9.Bxd7+ N8xd7 10.d4 O-O 11.Nbd2 cxd4 12.cxd4 Rc8 13.Nf1 Re8 14.Ng3 Bf8 15.b3 exd4
16.Bb2 Nc5 17.Qxd4 d5 18.exd5 Qxd5 19.Rxe8 Rxe8 20.Re1 Rxe1+ 21.Nxe1 Qe6
22.Nf3 Qg4 23.Qd8 Ne6 24.Qc8 Qg6 25.Bxf6 Qb1+ 26.Nf1 gxf6 27.Nd2 Qe1 28.Qxb7 Nd4
29.g3 a5 30.Kg2 Qe6 31.Qa8 Nc6 32.Ne3 h5 33.Qa6 Bh6 34.Qd3 Bxe3  1/2-1/2

[Event "e2e4 Hinckley Open 2012"]
[Site "Hinckley ENG"]
[Date "2012.08.24"]
[Round "1.11"]
[White "Ganger,Rajan"]
[Black "Burrows,M"]
[Result "1-0"]
[WhiteElo "1965"]
[BlackElo "2120"]

1.e4 c5 2.Nf3 d6 3.Bb5+ Nd7 4.O-O Nf6 5.e5 dxe5 6.Nxe5 a6 7.Bxd7+ Bxd7 8.d4 e6
9.Bg5 Rc8 10.Nxd7 Qxd7 11.Bxf6 gxf6 12.Qf3 Bg7 13.c3 cxd4 14.cxd4 f5 15.Nc3 O-O
16.d5 e5 17.Rfd1 Rc4 18.Rac1 Rfc8 19.Ne2 Rxc1 20.Rxc1 Rxc1+ 21.Nxc1 e4 22.Qb3 Be5
23.Ne2 f4 24.f3 e3 25.Qc4 b5 26.Qe4 Qc7 27.g3 fxg3 28.hxg3 Qd6 29.b3 f5 30.Qxf5 Qxd5
31.Qg5+ Kh8 32.Qxe3 a5 33.Kg2 a4 34.Nf4 Qd6 35.Ne2 axb3 36.axb3 Kg7 37.Qg5+ Kf7
38.f4 Qc6+ 39.Kh2 Bf6 40.Qh5+ Kg7 41.Qg4+ Kf7 42.Qf5 Kg7 43.g4 Bh4 44.Qe5+ Bf6
45.Qe3 h6 46.Ng3 Qd7 47.Nh5+ Kf7 48.Kg3 Bh8 49.Qe4 Kf8 50.Kh3 Bc3 51.Ng3 Bd2
52.Nh5 b4 53.Qg6 Qd4 54.Qxh6+ Kf7 55.Qh7+ Ke6 56.Qf5+ Kd6 57.Qf8+ Kc7 58.Qe7+ Kb6
59.Qe6+ Kc7 60.g5 Qf2 61.Qe5+ Kb7 62.Qe4+ Kb6 63.g6 Qf1+ 64.Kg4 Qd1+ 65.Kg5 Bc3
66.Qe6+ Kb5 67.g7 Qd8+ 68.Kh6 Bxg7+ 69.Kxg7  1-0

[Event "EY Boys U14 2012"]
[Site "Prague CZE"]
[Date "2012.08.24"]
[Round "8.24"]
[White "Rudakov,A"]
[Black "Martins,Gu"]
[Result "1-0"]
[WhiteElo "2086"]
[BlackElo "1761"]

1.e4 c5 2.Nf3 d6 3.Bb5+ Bd7 4.Bxd7+ Qxd7 5.O-O Nc6 6.c3 Nf6 7.Re1 e6 8.d4 cxd4
9.cxd4 Be7 10.Nc3 O-O 11.Bg5 Rfd8 12.Qe2 d5 13.Bxf6 Bxf6 14.e5 Be7 15.Qe3 Rac8
16.Rac1 Na5 17.Qf4 h6 18.Qg4 Rc7 19.Nh4 Rdc8 20.Re3 b5 21.Rg3 Bf8 22.a3 Nb3
23.Rd1 a5 24.Ne2 a4 25.h3 Rc2 26.Nf4 Rc1 27.Nh5 Rxd1+ 28.Qxd1 Qd8 29.Nf6+ Kh8
30.Qh5 Rc1+ 31.Kh2 Nd2 32.Qxh6+  1-0

[Event "24th Schlosspark Open"]
[Site "Wiesbaden GER"]
[Date "2012.08.24"]
[Round "2.42"]
[White "Rump,Andreas"]
[Black "Werner,Di"]
[Result "1/2-1/2"]
[WhiteElo "1984"]
[BlackElo "2160"]

1.e4 c5 2.Nf3 d6 3.Bb5+ Bd7 4.Bxd7+ Qxd7 5.c4 Nc6 6.Nc3 g6 7.O-O Bg7 8.d3 e6
9.Bf4 Nge7 10.Qd2 h6 11.Nb5 e5 12.Be3 Nd4 13.Bxd4 cxd4 14.Qb4 Nc8 15.c5 Bf8
16.Qa5 Qd8 17.Qa4 Ke7 18.cxd6+ Nxd6 19.Nxd6 Qxd6 20.Qb5 Kf6 21.Rac1 Be7 22.Rc2 Rac8
23.Rfc1 Rxc2 24.Rxc2 Qb8 25.Qd7 Bd6 26.Nd2 Rd8 27.Qb5 Kg7 28.g3 Re8 29.Nc4 Bc7
30.f3 Re7 31.a4  1/2-1/2

[Event "21st Feffernitz Open"]
[Site "Feffernitz AUT"]
[Date "2012.08.25"]
[Round "8.12"]
[White "Unander,M"]
[Black "Laustsen,K"]
[Result "1/2-1/2"]
[WhiteElo "2131"]
[BlackElo "1840"]

1.e4 c5 2.Nf3 d6 3.Bb5+ Bd7 4.Bxd7+ Qxd7 5.O-O Nc6 6.c3 Nf6 7.d4 cxd4 8.cxd4 d5
9.e5 Ng8 10.Nc3 e6 11.Qa4 Bb4 12.Nb5 a6 13.a3 Be7 14.Bg5 Rc8 15.Nd6+  1/2-1/2

[Event "e2e4 Hinckley Open 2012"]
[Site "Hinckley ENG"]
[Date "2012.08.25"]
[Round "3.12"]
[White "Ganger,Rajan"]
[Black "Bonafont,P"]
[Result "1/2-1/2"]
[WhiteElo "1965"]
[BlackElo "2051"]

1.e4 c5 2.Nf3 d6 3.Bb5+ Bd7 4.Bxd7+ Qxd7 5.O-O Nc6 6.c3 Nf6 7.Re1 e6 8.d4 cxd4
9.cxd4 d5 10.exd5 Nxd5 11.Nc3 Be7 12.Bg5 O-O 13.Ne5 Nxe5 14.Bxe7 Nxc3 15.bxc3 Qxe7
16.Rxe5 Rac8 17.Qb3 Rfd8 18.h3 h6 19.Rae1 Qc7 20.Rc5 Qd7 21.Ree5 b6 22.Rb5 Qc6
23.Re3 Rd7 24.a4 Rdc7 25.a5 bxa5 26.Rxa5 Rb7 27.Qa2 Qb6 28.Ra6 Qb1+ 29.Kh2 Qxa2
30.Rxa2 Rc4 31.Ra3 Kf8  1/2-1/2

[Event "12th ch-Euro Seniors"]
[Site "Kaunas LTU"]
[Date "2012.08.25"]
[Round "8.30"]
[White "Taksrud,V"]
[Black "Sevenyuk,A"]
[Result "1-0"]
[WhiteElo "2057"]
[BlackElo "1925"]

1.e4 c5 2.Nf3 d6 3.Bb5+ Bd7 4.a4 Nc6 5.c3 g6 6.O-O Bg7 7.Re1 e6 8.Na3 Nge7
9.d4 Qc7 10.d5 exd5 11.exd5 Ne5 12.Nxe5 Bxe5 13.Rxe5 dxe5 14.d6 Qd8 15.Bg5 Bxb5
16.Nxb5 O-O 17.dxe7 Qxd1+ 18.Rxd1 Rfc8 19.Bf6 a6 20.Nc7 Rab8 21.a5 h5 22.Rd8+ Rxd8
23.exd8=Q+ Rxd8 24.Bxd8  1-0

[Event "Botvinnik Memorial 2012"]
[Site "St Petersburg RUS"]
[Date "2012.08.25"]
[Round "1.105"]
[White "Boytsov,Alexander"]
[Black "Baryshpolets,A"]
[Result "0-1"]
[WhiteElo "1920"]
[BlackElo "2513"]

1.e4 c5 2.Nf3 d6 3.Bb5+ Nc6 4.O-O Bd7 5.d4 cxd4 6.Nxd4 Nf6 7.Nc3 e6 8.Be3 Be7
9.f4 O-O 10.Be2 Nxd4 11.Bxd4 Bc6 12.Bf3 Qc7 13.Qe1 b5 14.e5 dxe5 15.fxe5 Nd7
16.Qe3 Bxf3 17.Rxf3 b4 18.Nb5 Qc4 19.Nxa7 Rfd8 20.c3 Nf8 21.Rc1 bxc3 22.bxc3 Ba3
23.Rcf1 Rxd4 24.cxd4 Rxa7 25.Qf2 Qc7 26.Rb3 Qe7 27.Qd2 Qd7 28.Rff3 Be7 29.g3 f5
30.Kg2 Qd5 31.Kg1 Ng6 32.Rfc3 Nxe5 33.Qf2 Ng4 34.Qd2 h6 35.h3 Bg5 36.Qb2 Qxd4+
37.Kg2 Qd5+ 38.Kg1 Ne5 39.Qe2 Bf6 40.Re3 Ra5 41.a3 Kh7 42.Kh2 Nc6 43.Qf2 Bd4  0-1

[Event "24th Schlosspark Open"]
[Site "Wiesbaden GER"]
[Date "2012.08.25"]
[Round "4.60"]
[White "Pade,J"]
[Black "Marzec,Witold"]
[Result "1-0"]
[WhiteElo "1737"]
[BlackElo "1846"]

1.e4 c5 2.Nf3 d6 3.Bb5+ Bd7 4.Bxd7+ Nxd7 5.O-O e5 6.c3 Ngf6 7.Re1 Be7 8.h3 O-O
9.d4 cxd4 10.cxd4 b5 11.d5 Nc5 12.Nfd2 Rc8 13.Re3 Qc7 14.Nc3 a6 15.Ne2 Nh5
16.Nb3 Qb7 17.Nxc5 Rxc5 18.Rc3 Rfc8 19.Rxc5 Rxc5 20.Be3 Rc4 21.f3 h6 22.b3 Rc7
23.g4 Nf6 24.Rc1 Qc8 25.Rxc7 Qxc7 26.Qd3 g5 27.Ng3 Bf8 28.Nf5 Kh7 29.Kh2 Nd7
30.Kg3 f6 31.Qd2 Kg6 32.h4 Nb8 33.Qh2 Qd8 34.hxg5 fxg5 35.Qh5+ Kh7 36.Qf7+ Kh8
37.Bb6 Qc8 38.Bc7 Nd7 39.Bxd6 Qc1 40.Bxe5+  1-0

[Event "24th Schlosspark Open"]
[Site "Wiesbaden GER"]
[Date "2012.08.25"]
[Round "4.26"]
[White "Rump,Andreas"]
[Black "Kreiling,C"]
[Result "0-1"]
[WhiteElo "1984"]
[BlackElo "2114"]

1.e4 c5 2.Nf3 d6 3.Bb5+ Nd7 4.O-O a6 5.Be2 Ngf6 6.Nc3 b5 7.d3 Bb7 8.b3 g6
9.Bb2 Bg7 10.Nd5 O-O 11.c4 e6 12.Nxf6+ Nxf6 13.Qd2 e5 14.h3 b4 15.Nh2 a5
16.a4 Qe7 17.Bc1 Ne8 18.f4 exf4 19.Bb2 Be5 20.Rxf4 Bxf4 21.Qxf4 Bc8 22.Bf3 Ra7
23.e5 dxe5 24.Bxe5 f6 25.Bb8 Rd7 26.Bd5+ Kh8 27.Ng4 Nc7 28.Rf1 Nxd5 29.cxd5 Rxd5
30.Ne5 Bb7 31.Qh4 Rxe5 32.Bxe5 Qxe5 33.Re1 Qd4+  0-1

[Event "37th Trade Fair Open A"]
[Site "Brno CZE"]
[Date "2012.08.27"]
[Round "3"]
[White "Macharacek,S"]
[Black "Malinovsky,K"]
[Result "1/2-1/2"]
[WhiteElo "2185"]
[BlackElo "2379"]

1.e4 c5 2.Nf3 d6 3.Bb5+ Nd7 4.d4 Nf6 5.Nc3 cxd4 6.Qxd4 e5 7.Qd3 h6 8.Be3 Be7
9.O-O O-O 10.a4 Qc7 11.Bc4 Nc5 12.Bxc5 Qxc5 13.Nd5 Nxd5 14.Bxd5 Bd7 15.a5 Rac8
16.Bxb7 Bb5 17.Qd5 Qxd5 18.exd5 Bxf1 19.Bxc8 Rxc8 20.Kxf1 Rxc2 21.Rb1 Bf6
22.Ke1 e4 23.Nd2 Rxb2 24.Rxb2 Bxb2 25.Nxe4 Kf8 26.Ke2 Ke7 27.a6 Bd4 28.Kd3 Bb6
29.f3 f5 30.Nd2 Bg1 31.h3 Kf6 32.Nc4 Bc5 33.f4 g5 34.Ke2 g4 35.h4  1/2-1/2

[Event "e2e4 Hinckley Open 2012"]
[Site "Hinckley ENG"]
[Date "2012.08.27"]
[Round "7.15"]
[White "Stembridge,Ed2"]
[Black "Truman,R"]
[Result "0-1"]
[WhiteElo "2059"]
[BlackElo "1959"]

1.e4 c5 2.Nf3 d6 3.Bb5+ Nd7 4.c3 Nf6 5.Qe2 Qc7 6.O-O a6 7.Ba4 e5 8.d3 g6
9.Re1 Bg7 10.Bg5 O-O 11.Qd2 b5 12.Bc2 Bb7 13.Bh6 d5 14.Bxg7 Kxg7 15.b4 c4
16.exd5 Bxd5 17.Ng5 Qc6 18.Ne4 cxd3 19.Nxf6 Nxf6 20.Qxd3 Rfe8 21.Qh3 Nh5
22.f3 Qb6+ 23.Kh1 Rad8 24.Qh4 Qc6 25.Be4 Bxe4 26.fxe4 Rd3 27.Qf2 Red8 28.Kg1 Nf4
29.Qc2 Qf6 30.a4 Qg5 31.Ra2 Qg4 32.g3 Rd1 33.Rxd1 Rxd1+ 34.Kf2 Nh3+ 35.Ke3 Re1+
36.Kd3 Qf3+  0-1

[Event "Botvinnik Memorial 2012"]
[Site "St Petersburg RUS"]
[Date "2012.08.27"]
[Round "3.71"]
[White "Markevich,I"]
[Black "Kopasov,E"]
[Result "1/2-1/2"]
[WhiteElo "2210"]
[BlackElo "2007"]

1.e4 c5 2.Nf3 d6 3.Bb5+ Bd7 4.Bxd7+ Qxd7 5.c4 Nc6 6.Nc3 Nf6 7.O-O g6 8.d3 Bg7
9.h3 O-O 10.Be3 Rac8 11.Qd2 Rfe8 12.Nh2 Qd8 13.f4 Nd7 14.Nf3 a6 15.Rab1 Qa5
16.a3 b5 17.cxb5 axb5 18.b4 Qxa3 19.Nxb5 Qa6 20.bxc5 Nxc5 21.Rfc1 Na7 22.Nxa7 Qxa7
23.Kh1 Rb8 24.Qc2 Rxb1 25.Rxb1 Qa6 26.d4 Nd7 27.e5 d5 28.Rc1 Nb6 29.Qb1 Nc4
30.Bf2 Qa7 31.Qb5 Rd8 32.Bh4 Qd7 33.Qxd7 Rxd7 34.Rb1 Bh6 35.Rb8+ Kg7 36.Re8 f6
37.g3 Kf7 38.Rh8 Bg7 39.Rc8 Ne3 40.g4 Ra7 41.Kg1 Bh6 42.g5 fxg5 43.Bxg5 Bxg5
44.Nxg5+ Kg7 45.Rd8 Ra5 46.Ne6+ Kf7 47.Ng5+ Kg7 48.Ne6+ Kf7 49.Ng5+  1/2-1/2

[Event "40th Olympiad Open"]
[Site "Istanbul TUR"]
[Date "2012.08.28"]
[Round "1.23"]
[White "Al Tarbosh,W"]
[Black "Parligras,M"]
[Result "0-1"]
[WhiteElo "2271"]
[BlackElo "2618"]

1.e4 c5 2.Nf3 d6 3.Bb5+ Nc6 4.O-O Bd7 5.b3 a6 6.Bxc6 Bxc6 7.Re1 e5 8.c3 Nf6
9.d4 Qc7 10.Qc2 b5 11.Bb2 Nd7 12.dxe5 dxe5 13.c4 b4 14.Nbd2 Bd6 15.Nf1 Qb7
16.Ne3 Bxe4 17.Nf5 Bxf5 18.Qxf5 f6 19.Rad1 Be7 20.Qe6 Nf8 21.Qg4 Ng6 22.h4 Qc8
23.Qe4 O-O 24.g3 Qh3 25.Re3 Rad8 26.Red3 Rxd3 27.Rxd3 Kh8 28.Rd2 Rg8 29.Qb7 Qf5
30.Kg2 e4 31.Nh2 e3 32.fxe3 Qe6 33.e4 Re8 34.Qd5 Bf8 35.h5 Ne5 36.Qxe6 Rxe6
37.g4 Nf7 38.Re2 Ng5 39.e5 Nf7 40.Rf2 Nxe5 41.Re2 Bd6 42.Bxe5 Rxe5 43.Rxe5 Bxe5
44.Nf3 Kg8 45.Nd2 Kf7 46.Ne4 Bd4 47.Nd6+ Ke6 48.Nf5 g6 49.hxg6 hxg6 50.Nh4 f5
51.gxf5+ gxf5 52.Kf3 Bf6 53.Ng6 Bg5 54.Ke2 a5 55.Kd3 Bh6 56.Nh4 Ke5 57.Ng6+ Kf6
58.Nh4 Kg5 59.Nf3+ Kf4 60.Ne1 Bg5 61.Nc2 Kf3 62.a3 Kf2 63.axb4 axb4 64.Nxb4 cxb4
65.c5 f4 66.Ke4 f3  0-1

[Event "40th Olympiad Open"]
[Site "Istanbul TUR"]
[Date "2012.08.28"]
[Round "1.43"]
[White "Golizadeh,A"]
[Black "Wojciechowski,Pa"]
[Result "1-0"]
[WhiteElo "2472"]
[BlackElo "2068"]

1.e4 c5 2.Nf3 d6 3.Bb5+ Bd7 4.Bxd7+ Qxd7 5.O-O Nc6 6.Qe2 e6 7.Rd1 Nge7 8.c3 g6
9.d4 cxd4 10.cxd4 d5 11.e5 Bg7 12.Nc3 a6 13.Bg5 h6 14.Bf6 Bxf6 15.exf6 Nf5
16.g4 O-O 17.gxf5 exf5 18.Qe3 Kh7 19.Ng5+ Kg8 20.Qh3 h5 21.Qh4 Rfe8 22.Nh3  1-0

[Event "40th Olympiad Open"]
[Site "Istanbul TUR"]
[Date "2012.08.28"]
[Round "1.29"]
[White "Can,E"]
[Black "Kongsee,U"]
[Result "1-0"]
[WhiteElo "2435"]
[BlackElo "2273"]

1.e4 c5 2.Nf3 d6 3.Bb5+ Bd7 4.Bxd7+ Qxd7 5.O-O Nc6 6.c3 Nf6 7.d4 cxd4 8.cxd4 Nxe4
9.d5 Ne5 10.Re1 Nxf3+ 11.Qxf3 Nf6 12.Nc3 Qg4 13.Qd3 g6 14.Nb5 Rd8 15.Be3 Bg7
16.Nc7+ Kf8 17.Bxa7 Nh5 18.Qe3 Be5 19.Rad1 Rc8 20.Bb6 Kg7 21.g3 h6 22.b3 g5
23.Bd4 Bxd4 24.Rxd4 Qd7 25.Rc4 b5 26.Nxb5 Nf6 27.Nd4 Nxd5 28.Qe4 e6 29.Nf5+ Kf6
30.Rxc8 Rxc8 31.Nxh6 Kg7 32.Nf5+ Kf6 33.Nd4 Kg7 34.Nf3 Qd8 35.Kg2 Qf6 36.Qg4 Kh6
37.h4 gxh4 38.Rh1 Qg6 39.Qd4  1-0

[Event "40th Olympiad Open"]
[Site "Istanbul TUR"]
[Date "2012.08.28"]
[Round "1.10"]
[White "De la Riva Aguado,O"]
[Black "Jones,G"]
[Result "1/2-1/2"]
[WhiteElo "2540"]
[BlackElo "2653"]

1.e4 c5 2.Nf3 d6 3.Bb5+ Bd7 4.Bxd7+ Qxd7 5.O-O Nf6 6.Re1 Nc6 7.c3 e6 8.d4 cxd4
9.cxd4 d5 10.e5 Ne4 11.Nbd2 Nxd2 12.Bxd2 Be7 13.Rc1 O-O 14.Rc3 Rfc8 15.a3 Nd8
16.Rd3 Qc7 17.Ng5 Qc2 18.Qf3 Bxg5 19.Bxg5 Qxb2 20.Qg4 Kf8 21.Rg3 Rc3 22.Bxd8 Rxg3
23.Qh4 g5 24.Qh6+ Ke8 25.Bxg5 Rxg5 26.Qxg5 Qxa3 27.h4 Kd7 28.Qh5 Qe7 29.Rb1 Rb8
30.g3 b5 31.Ra1 Rb7 32.Qxh7 b4 33.Qd3 b3 34.h5 b2 35.Rb1 Qg5 36.Qc2 Qxh5
37.Rxb2 Rxb2  1/2-1/2

[Event "World Youth U16 Olympiad 2012"]
[Site "Istanbul TUR"]
[Date "2012.08.29"]
[Round "1.19"]
[White "Matheson,L"]
[Black "Low,Zhen Yu Cyrus"]
[Result "1-0"]
[WhiteElo "2140"]
[BlackElo "1702"]

1.e4 c5 2.Nf3 d6 3.Bb5+ Nd7 4.O-O Nf6 5.Re1 a6 6.Bf1 g6 7.c3 Bg7 8.d4 O-O
9.e5 Ne8 10.Bf4 Qb6 11.Nbd2 d5 12.c4 e6 13.cxd5 exd5 14.dxc5 Nxc5 15.Be3 Qa5
16.Nb3 Nxb3 17.axb3 Qb4 18.Qxd5 Nc7 19.Qc5 Qxc5 20.Bxc5 Re8 21.Bd6 Nd5 22.Bb5 Rd8
23.Bc4 Be6 24.Ng5 Nf4 25.Nxe6 Nxe6 26.Rad1 Rac8 27.Bd5 Rc2 28.Bxb7 Rxb2 29.Rb1 Ra2
30.g3 Nd4 31.Rbd1 Nb5 32.b4 Nxd6 33.exd6 Bc3 34.Re3 Rd2 35.Rxd2 Bxd2 36.Rd3 Bxb4
37.d7 a5 38.Bc6 Be7 39.Rd5 f5 40.Rxa5 Kf7 41.Ba4 Ke6 42.Ra6+ Ke5 43.f4+ Kd4
44.Re6 Bc5 45.Re8 Bb6 46.Kg2 Kc5 47.Re5+ Kd6 48.Re2 Kc5 49.Rc2+ Kb4 50.Bc6 Be3
51.Kh3 Bd4 52.Kg2 Be3 53.h3 Ka5 54.Kf3 Bd4 55.Rc4 Bf6 56.g4 fxg4+ 57.hxg4 Kb6
58.Ke4 g5 59.f5 Be7 60.Ke5 Rf8 61.Bd5 Rf6 62.Be6 Rf8 63.Rc8 Bd8 64.Ke4  1-0

[Event "40th Olympiad Women"]
[Site "Istanbul TUR"]
[Date "2012.08.29"]
[Round "2.13"]
[White "Olsarova,K"]
[Black "Mendoza Velazquez,L"]
[Result "1-0"]
[WhiteElo "2267"]
[BlackElo "1993"]

1.e4 c5 2.Nf3 d6 3.Bb5+ Bd7 4.Bxd7+ Qxd7 5.c4 Nc6 6.Nc3 e6 7.d4 cxd4 8.Nxd4 Nf6
9.O-O Be7 10.Nde2 O-O 11.h3 a6 12.a4 Qc7 13.b3 Rfd8 14.Be3 Rac8 15.Ra2 Qa5
16.Rd2 Nb4 17.f4 d5 18.e5 Ne8 19.cxd5 exd5 20.Kh1 Nc7 21.f5 Nc6 22.Bf4 Bb4
23.Rd3 d4 24.Na2 Bc5 25.Rg3 Nd5 26.Bh6 g6 27.e6 Ne3 28.exf7+ Kh8 29.fxg6 hxg6
30.Rxe3 Kh7 31.Re6 Kxh6 32.Nf4 Bf8 33.Qg4 Ne7 34.Rxg6+ Nxg6 35.Qxg6+  1-0

[Event "40th Olympiad Women"]
[Site "Istanbul TUR"]
[Date "2012.08.29"]
[Round "2.16"]
[White "Ghader Pour,S"]
[Black "Gaponenko,I"]
[Result "1/2-1/2"]
[WhiteElo "2218"]
[BlackElo "2404"]

1.e4 c5 2.Nf3 d6 3.Bb5+ Nd7 4.d4 Nf6 5.O-O a6 6.Bxd7+ Nxd7 7.Nc3 e6 8.Bg5 Qc7
9.d5 e5 10.a4 g6 11.Nd2 Bg7 12.Nc4 Nb6 13.Na3 Bd7 14.a5 Nc8 15.Nc4 O-O 16.Qd2 f5
17.exf5 gxf5 18.Bh6 Be8 19.Qg5 Bg6 20.Bxg7 Qxg7 21.f4 e4 22.Nd1 Ne7 23.Nde3 Rad8
24.Ra3 Rd7 25.Rb3 Kh8 26.Rd1 Rg8 27.Ra3 Qf8 28.Qh4 Rg7 29.Nb6 Rd8 30.Rc3 Ng8
31.Nbc4 Rdd7 32.Nb6 Rd8 33.Nbc4 Rdd7 34.Nb6  1/2-1/2

[Event "40th Olympiad Open"]
[Site "Istanbul TUR"]
[Date "2012.08.29"]
[Round "2.1"]
[White "Al Modiahki,M"]
[Black "Ivanchuk,V"]
[Result "1-0"]
[WhiteElo "2542"]
[BlackElo "2769"]

1.e4 c5 2.Nf3 d6 3.Bb5+ Bd7 4.Bxd7+ Nxd7 5.O-O Ngf6 6.Qe2 Rc8 7.c3 Qc7 8.Na3 e6
9.d4 cxd4 10.cxd4 d5 11.e5 Ne4 12.Nb5 Qb6 13.Be3 Be7 14.Rfc1 O-O 15.Nc3 Nxc3
16.bxc3 Rc6 17.Rab1 Qc7 18.h4 Nb6 19.Qd3 Rc8 20.Rb3 Nc4 21.Ng5 Bxg5 22.hxg5 Ra6
23.Rc2 Ra4 24.g3 b6 25.Bf4 Na5 26.Rb1 Qc4 27.Qd2 Nc6 28.Rbb2 Ne7 29.Qd1 Ra3
30.Rb4 Qa6 31.Qd2 Rc4 32.Qe2 Qc8 33.Rxc4 dxc4 34.Bc1 Ra4 35.Qe4 Nd5 36.f4 Qa6
37.a3 Qb5 38.Rb2 Qa5 39.Rc2 g6 40.f5 exf5 41.Qh4 Qb5 42.Rb2 Qd7 43.Rh2 h5
44.gxh6 Kh7 45.Rf2 b5 46.g4 fxg4 47.Kh2 Ra6 48.Kg3 Nxc3 49.Qxg4 Qd5 50.Kh2 Ne4
51.Rf4 f5 52.exf6 Nxf6 53.Qc8 Rc6  1-0

[Event "40th Olympiad Open"]
[Site "Istanbul TUR"]
[Date "2012.08.29"]
[Round "2.3"]
[White "Mamedov,Rau"]
[Black "Griffiths,R"]
[Result "1/2-1/2"]
[WhiteElo "2634"]
[BlackElo "2362"]

1.e4 c5 2.Nf3 d6 3.Bb5+ Nd7 4.d4 cxd4 5.Qxd4 a6 6.Bxd7+ Bxd7 7.Nc3 Rc8 8.O-O e5
9.Qd3 h6 10.a4 Nf6 11.a5 Be7 12.Be3 Qc7 13.Nd2 O-O 14.Rfc1 Be6 15.Nd5 Bxd5
16.exd5 Nd7 17.g4 Bg5 18.Bxg5 hxg5 19.c4 g6 20.Qe3 Qd8 21.b4 f5 22.c5 dxc5
23.bxc5 Nf6 24.d6 Nxg4 25.Qb3+ Rf7 26.Rab1 e4 27.f3 Ne5 28.Qd5 Qxa5 29.Kh1 Nd7
30.Nb3 Qa2 31.fxe4 Nf6 32.Qd4 Qe2 33.e5 Ng4 34.Rb2 Qxe5 35.Qxe5 Nxe5 36.Re2 Nc6
37.Rce1 a5 38.Nd2 a4 39.Nc4 Rd8 40.Nb6 a3 41.Nc4 f4 42.Nxa3 Rf5 43.Rc2 Kf7
44.Nb5 f3 45.Kg1 Ne5 46.Re4 g4 47.Nd4 Rh5 48.Rb2 Rd7 49.Rf4+ Kg7 50.Ra2 Nd3
51.c6 bxc6 52.Ne6+ Kh6 53.Ra8 Nxf4 54.Rh8+ Rh7 55.Rxh7+ Kxh7 56.Nxf4 f2+
57.Kf1 Rxh2 58.d7 Rh1+ 59.Kxf2 Rd1 60.Ne6 Rxd7 61.Nf8+ Kg7 62.Nxd7 Kf7  1/2-1/2

[Event "40th Olympiad Open"]
[Site "Istanbul TUR"]
[Date "2012.08.29"]
[Round "2.6"]
[White "Salov,S"]
[Black "Ortiz Suarez,I"]
[Result "1/2-1/2"]
[WhiteElo "2234"]
[BlackElo "2569"]

1.e4 c5 2.Nf3 d6 3.Bb5+ Nc6 4.O-O Bd7 5.Re1 a6 6.Bf1 Nf6 7.h3 e6 8.c3 Be7
9.d4 cxd4 10.cxd4 d5 11.e5 Ne4 12.Nbd2 Nxd2 13.Bxd2 O-O 14.Bd3 Qb6 15.Bc3 f6
16.Qb1 f5 17.a3 Rac8 18.Qd1 Na5 19.Bxa5 Qxa5 20.b4 Qb6 21.Qd2 Rc6 22.Rec1 Rfc8
23.Rc5 Qd8 24.Rac1 h6 25.Qe2 R6c7 26.R1c2 Ba4 27.Rxc7 Rxc7 28.Rxc7 Qxc7 29.Qd2 b6
30.g4 fxg4 31.hxg4 Be8 32.Kg2 a5 33.g5 Bf8 34.Bb1 axb4 35.Qd3 g6 36.axb4 Qc1
37.gxh6 Bxb4 38.Qb3 Ba5 39.Bd3 Qf4 40.Be2 Qg4+ 41.Kf1 Qh3+ 42.Kg1 Qxh6 43.Qc2 Bf7
44.Qc7 Qf4 45.Qd8+ Kg7 46.Ng5 Be1 47.Nf3 Bc3 48.Qxb6 g5 49.Qc5 Bb2 50.Qe7 Bc1
51.Nh2 Bb2 52.Nf3 Qf5 53.Qxg5+ Qxg5+ 54.Nxg5 Bxd4 55.Nxf7 Kxf7 56.Bh5+ Ke7
57.Kf1 Bxe5 58.Ke2 Kd6 59.Kd3 Bg7 60.Bf7 Ke7 61.Bg8 Kf6 62.Ke3 Bh6+ 63.Kd3 Kf5
64.Bh7+ Ke5 65.Bg8 Bf8 66.Bf7 Bc5 67.f3 Kd6 68.Bg8 Ke7 69.Ke2 Bb6 70.Kd3 Kf6
71.Ke2 Kf5 72.Bh7+ Kf6 73.Bg8 d4 74.Kd3 Kf5 75.Bh7+ Kf4 76.Be4 Ke5  1/2-1/2